000 00894cam a22002174a 4500
005 20250605163546.0
008 250528s ||||||||||||||||||||||||d
035 _a21740
020 _a9789602184486
040 _aGR-AtMCL
_bgre
_dGR-AtMCL
_eAACR2
245 1 _aΣΧΕΣΙΑΚΕΣ ΒΑΣΕΙΣ ΔΕΔΟΜΕΝΩΝ
250 _a1
260 _bΚριτική,
_c2005
300 _a386
505 0 _aΕΙΣΑΓΩΓΗ ΜΟΝΤΕΛΑ ΔΕΔΟΜΕΝΩΝ ΤΟ ΣΧΕΣΙΑΚΟ ΜΟΝΤΕΛΟ ΜΕΤΑΤΡΟΠΗ ΔΟΣ ΣΕ ΣΧΕΣΙΑΚΗ ΒΑΣΗ ΔΕΔΟΜΕΝΩΝ Η ΓΛΩΣΣΑ SQL
520 _aΕΙΣΑΓΩΓΗ ΜΟΝΤΕΛΑ ΔΕΔΟΜΕΝΩΝ ΤΟ ΣΧΕΣΙΑΚΟ ΜΟΝΤΕΛΟ ΜΕΤΑΤΡΟΠΗ ΔΟΣ ΣΕ ΣΧΕΣΙΑΚΗ ΒΑΣΗ ΔΕΔΟΜΕΝΩΝ Η ΓΛΩΣΣΑ SQL
700 1 _aΚεχρης Ευαγγελος
942 _cBK
999 _c6799
_d6799